[Event "DVM U16w 2023"]
[Site "Magdeburg GER"]
[Date "2023.12.28"]
[Round "4"]
[White "Luzgina, Anastasiia"]
[Black "Eger, Nora"]
[Result "1-0"]
[Termination "normal"]
[Board "2.4"]
[WhiteElo "1362"]
[BlackElo "1272"]
[WhiteClock "00:29:23"]
[BlackClock "00:22:11"]
[WhiteTeam "SG Königskinder Hohentübingen"]
[BlackTeam "SSV Altenberg"]
[PlyCount "75"]
[WhiteFideId "24280860"]
[BlackFideId "34605827"]
[EventCountry "GER"]
[EventRounds "7"]
[EventType "team-swiss"]
[EventDate "2023.12.26"]

1. d4 {[%clk 01:30:57]} {[%emt 00:00:03]} Nf6 {[%clk 01:30:36]} {[%emt
00:00:25]} 2. c4 {[%clk 01:31:20]} {[%emt 00:00:07]} g6 {[%clk 01:30:48]}
{[%emt 00:00:17]} 3. Nc3 {[%clk 01:31:39]} {[%emt 00:00:11]} Bg7 {[%clk
01:31:11]} {[%emt 00:00:07]} 4. Nf3 {[%clk 01:31:57]} {[%emt 00:00:12]} d6
{[%clk 01:31:33]} {[%emt 00:00:09]} 5. Bg5 {[%clk 01:31:41]} {[%emt 00:00:45]}
Nbd7 {[%clk 01:31:35]} {[%emt 00:00:29]} 6. e3 {[%clk 01:31:57]} {[%emt
00:00:13]} O-O {[%clk 01:31:18]} {[%emt 00:00:49]} 7. Bd3 {[%clk 01:32:07]}
{[%emt 00:00:17]} Re8 {[%clk 01:30:09]} {[%emt 00:01:40]} 8. O-O {[%clk
01:30:13]} {[%emt 00:02:24]} e5 {[%clk 01:28:08]} {[%emt 00:02:32]} 9. Bc2
{[%clk 01:28:30]} {[%emt 00:02:13]} c6 {[%clk 01:26:35]} {[%emt 00:02:04]} 10.
b4 {[%clk 01:20:47]} {[%emt 00:08:12]} Qc7 {[%clk 01:25:13]} {[%emt 00:01:51]}
11. Rc1 {[%clk 01:19:31]} {[%emt 00:01:45]} a5 {[%clk 01:21:35]} {[%emt
00:04:10]} 12. a3 {[%clk 01:19:11]} {[%emt 00:00:49]} axb4 {[%clk 01:19:32]}
{[%emt 00:02:34]} 13. axb4 {[%clk 01:19:33]} {[%emt 00:00:08]} Nb8 {[%clk
01:10:16]} {[%emt 00:09:45]} 14. Bb3 {[%clk 01:18:57]} {[%emt 00:01:06]} Bg4
{[%clk 01:03:37]} {[%emt 00:07:09]} 15. h3 {[%clk 01:15:26]} {[%emt 00:04:00]}
Bxf3 {[%clk 01:02:49]} {[%emt 00:01:20]} 16. Qxf3 {[%clk 01:15:43]} {[%emt
00:00:13]} Nbd7 {[%clk 01:01:27]} {[%emt 00:01:53]} 17. b5 {[%clk 01:14:13]}
{[%emt 00:02:00]} c5 {[%clk 00:57:35]} {[%emt 00:04:22]} 18. Nd5 {[%clk
01:05:51]} {[%emt 00:08:48]} Nxd5 {[%clk 00:56:48]} {[%emt 00:01:20]} 19. Qxd5
{[%clk 01:01:09]} {[%emt 00:05:11]} Nb6 {[%clk 00:53:57]} {[%emt 00:03:22]} 20.
Qf3 {[%clk 01:01:04]} {[%emt 00:00:34]} exd4 {[%clk 00:53:12]} {[%emt
00:01:16]} 21. exd4 {[%clk 01:01:25]} {[%emt 00:00:09]} Bxd4 {[%clk 00:52:36]}
{[%emt 00:01:05]} 22. Rfd1 {[%clk 01:00:12]} {[%emt 00:01:41]} Rf8 {[%clk
00:49:09]} {[%emt 00:04:00]} 23. Bf6 {[%clk 00:54:44]} {[%emt 00:05:57]} Be5
{[%clk 00:46:37]} {[%emt 00:03:02]} 24. Bxe5 {[%clk 00:54:09]} {[%emt
00:01:05]} dxe5 {[%clk 00:46:43]} {[%emt 00:00:25]} 25. Qf6 {[%clk 00:54:16]}
{[%emt 00:00:22]} Nd7 {[%clk 00:45:07]} {[%emt 00:02:07]} 26. Qe7 {[%clk
00:54:18]} {[%emt 00:00:27]} Rad8 {[%clk 00:43:35]} {[%emt 00:02:03]} 27. Rd5
{[%clk 00:43:56]} {[%emt 00:10:51]} Rfe8 {[%clk 00:41:37]} {[%emt 00:02:28]}
28. Qg5 {[%clk 00:42:13]} {[%emt 00:02:12]} Kg7 {[%clk 00:38:38]} {[%emt
00:03:30]} 29. Rcd1 {[%clk 00:42:12]} {[%emt 00:00:32]} f6 {[%clk 00:33:41]}
{[%emt 00:05:27]} 30. Qd2 {[%clk 00:29:19]} {[%emt 00:13:22]} Re7 {[%clk
00:33:50]} {[%emt 00:00:22]} 31. b6 {[%clk 00:29:27]} {[%emt 00:00:22]} Qc6
{[%clk 00:32:33]} {[%emt 00:01:46]} 32. Rd6 {[%clk 00:29:40]} {[%emt 00:00:17]}
Qc8 {[%clk 00:28:47]} {[%emt 00:04:16]} 33. Ba4 {[%clk 00:29:46]} {[%emt
00:00:24]} Qa8 {[%clk 00:25:55]} {[%emt 00:03:23]} 34. Rxd7 {[%clk 00:29:37]}
{[%emt 00:00:39]} Rexd7 {[%clk 00:25:54]} {[%emt 00:00:32]} 35. Bxd7 {[%clk
00:29:57]} {[%emt 00:00:09]} Qa6 {[%clk 00:25:20]} {[%emt 00:01:04]} 36. Qd6
{[%clk 00:29:38]} {[%emt 00:00:48]} Rf8 {[%clk 00:24:07]} {[%emt 00:01:44]} 37.
Qxc5 {[%clk 00:29:42]} {[%emt 00:00:25]} Qa2 {[%clk 00:22:11]} {[%emt
00:02:27]} 38. Bb5 {[%clk 00:29:23]} {[%emt 00:00:48]} 1-0

[Event "DVM U16w 2023"]
[Site "Magdeburg GER"]
[Date "2023.12.28"]
[Round "4"]
[White "Lorenz, Veronika"]
[Black "Reich, Elisabeth"]
[Result "0-1"]
[Termination "normal"]
[Board "3.1"]
[WhiteElo "1651"]
[BlackElo "1573"]
[WhiteClock "00:03:27"]
[BlackClock "00:29:54"]
[WhiteTeam "TSG Oberschöneweide"]
[BlackTeam "ATSV Oberkotzau"]
[PlyCount "160"]
[WhiteFideId "16277406"]
[BlackFideId "16239776"]
[EventCountry "GER"]
[EventRounds "7"]
[EventType "team-swiss"]
[EventDate "2023.12.26"]

1. e4 {[%clk 01:30:59]} c5 {[%clk 01:30:57]} {[%emt 00:00:02]} 2. Nf3 {[%clk
01:31:26]} {[%emt 00:00:04]} Nc6 {[%clk 01:31:20]} {[%emt 00:00:06]} 3. Bb5
{[%clk 01:31:55]} {[%emt 00:00:02]} g6 {[%clk 01:30:08]} {[%emt 00:01:42]} 4.
Bxc6 {[%clk 01:32:24]} {[%emt 00:00:01]} bxc6 {[%clk 01:30:29]} {[%emt
00:00:09]} 5. d3 {[%clk 01:32:28]} {[%emt 00:00:26]} Bg7 {[%clk 01:30:44]}
{[%emt 00:00:14]} 6. e5 {[%clk 01:31:24]} {[%emt 00:01:35]} Nh6 {[%clk
01:28:58]} {[%emt 00:02:15]} 7. Nbd2 {[%clk 01:27:37]} {[%emt 00:04:18]} d6
{[%clk 01:27:57]} {[%emt 00:01:31]} 8. exd6 {[%clk 01:19:36]} {[%emt 00:08:32]}
exd6 {[%clk 01:28:13]} {[%emt 00:00:13]} 9. O-O {[%clk 01:19:37]} {[%emt
00:00:29]} O-O {[%clk 01:28:29]} {[%emt 00:00:13]} 10. Ne4 {[%clk 01:16:52]}
{[%emt 00:03:15]} Nf5 {[%clk 01:24:20]} {[%emt 00:04:39]} 11. Rb1 {[%clk
01:14:17]} {[%emt 00:03:06]} Qb6 {[%clk 01:20:54]} {[%emt 00:03:50]} 12. b3
{[%clk 01:08:48]} {[%emt 00:06:05]} d5 {[%clk 01:20:40]} {[%emt 00:00:44]} 13.
Ng3 {[%clk 01:06:43]} {[%emt 00:02:35]} Nxg3 {[%clk 01:19:36]} {[%emt
00:01:34]} 14. hxg3 {[%clk 01:06:50]} {[%emt 00:00:23]} Bg4 {[%clk 01:18:22]}
{[%emt 00:01:44]} 15. Bb2 {[%clk 01:06:07]} {[%emt 00:01:13]} d4 {[%clk
01:17:53]} {[%emt 00:00:57]} 16. Re1 {[%clk 01:04:57]} {[%emt 00:01:42]} Rfe8
{[%clk 01:17:55]} {[%emt 00:00:26]} 17. Qd2 {[%clk 01:03:02]} {[%emt 00:02:26]}
Bxf3 {[%clk 01:17:16]} {[%emt 00:01:09]} 18. gxf3 {[%clk 01:03:31]} {[%emt
00:00:02]} Qc7 {[%clk 01:11:18]} {[%emt 00:06:23]} 19. Qg5 {[%clk 00:49:55]}
{[%emt 00:14:11]} Bf8 {[%clk 01:10:34]} {[%emt 00:01:12]} 20. Ba3 {[%clk
00:42:54]} {[%emt 00:07:33]} Qa5 {[%clk 01:08:17]} {[%emt 00:02:39]} 21. Rxe8
{[%clk 00:37:47]} {[%emt 00:05:46]} Rxe8 {[%clk 01:08:38]} {[%emt 00:00:07]}
22. Qc1 {[%clk 00:36:02]} {[%emt 00:02:13]} Qc7 {[%clk 01:01:38]} {[%emt
00:07:31]} 23. Qd2 {[%clk 00:34:43]} {[%emt 00:01:51]} Qe7 {[%clk 00:57:48]}
{[%emt 00:04:18]} 24. Kf1 {[%clk 00:31:21]} {[%emt 00:03:53]} Qf6 {[%clk
00:55:26]} {[%emt 00:02:47]} 25. Kg2 {[%clk 00:30:57]} {[%emt 00:01:00]} Qe6
{[%clk 00:54:05]} {[%emt 00:01:48]} 26. Qa5 {[%clk 00:20:22]} {[%emt 00:11:07]}
Qe7 {[%clk 00:51:15]} {[%emt 00:03:07]} 27. b4 {[%clk 00:12:09]} {[%emt
00:08:57]} Rb8 {[%clk 00:45:09]} {[%emt 00:06:33]} 28. b5 {[%clk 00:11:35]}
{[%emt 00:01:06]} Qb7 {[%clk 00:44:05]} {[%emt 00:01:32]} 29. c4 {[%clk
00:11:09]} {[%emt 00:00:58]} dxc3 {[%clk 00:41:15]} {[%emt 00:03:20]} 30. Qxc3
{[%clk 00:11:38]} {[%emt 00:00:02]} Bg7 {[%clk 00:41:06]} {[%emt 00:00:37]} 31.
Qxc5 {[%clk 00:11:58]} {[%emt 00:00:11]} cxb5 {[%clk 00:41:25]} {[%emt
00:00:11]} 32. Bb2 {[%clk 00:09:56]} {[%emt 00:02:33]} Bxb2 {[%clk 00:41:10]}
{[%emt 00:00:44]} 33. Rxb2 {[%clk 00:10:25]} {[%emt 00:00:02]} a6 {[%clk
00:40:31]} {[%emt 00:01:08]} 34. d4 {[%clk 00:07:42]} {[%emt 00:03:13]} Qd7
{[%clk 00:38:56]} {[%emt 00:02:03]} 35. d5 {[%clk 00:06:36]} {[%emt 00:01:39]}
Rc8 {[%clk 00:37:49]} {[%emt 00:01:17]} 36. Qd4 {[%clk 00:07:04]} {[%emt
00:00:21]} Rd8 {[%clk 00:37:18]} {[%emt 00:01:01]} 37. Re2 {[%clk 00:07:14]}
{[%emt 00:00:21]} Qd6 {[%clk 00:36:40]} {[%emt 00:01:04]} 38. Rd2 {[%clk
00:03:57]} {[%emt 00:03:51]} Rd7 {[%clk 00:32:38]} {[%emt 00:04:30]} 39. Rc2
{[%clk 00:00:54]} {[%emt 00:03:35]} Rd8 {[%clk 00:32:52]} {[%emt 00:00:15]} 40.
Rd2 {[%clk 00:00:35]} {[%emt 00:00:49]} Rd7 {[%clk 00:33:07]} {[%emt 00:00:15]}
41. Qc3 {[%clk 00:00:44]} {[%emt 00:00:20]} Rc7 {[%clk 00:31:56]} {[%emt
00:01:42]} 42. Qe3 {[%clk 00:24:55]} {[%emt 00:06:17]} Re7 {[%clk 01:00:46]}
{[%emt 00:01:41]} 43. Qh6 {[%clk 00:22:44]} {[%emt 00:02:43]} f5 {[%clk
00:57:29]} {[%emt 00:03:46]} 44. Rc2 {[%clk 00:15:17]} {[%emt 00:07:58]} Rc7
{[%clk 00:54:49]} {[%emt 00:03:07]} 45. Rxc7 {[%clk 00:13:29]} {[%emt
00:02:21]} Qxc7 {[%clk 00:55:17]} {[%emt 00:00:01]} 46. Qe3 {[%clk 00:13:58]}
Qd7 {[%clk 00:53:23]} {[%emt 00:02:23]} 47. Qe5 {[%clk 00:11:38]} {[%emt
00:02:52]} Kf7 {[%clk 00:52:45]} {[%emt 00:01:06]} 48. f4 {[%clk 00:10:11]}
{[%emt 00:02:00]} h6 {[%clk 00:44:37]} {[%emt 00:08:37]} 49. f3 {[%clk
00:08:01]} {[%emt 00:02:40]} Qe7 {[%clk 00:43:46]} {[%emt 00:01:20]} 50. g4
{[%clk 00:07:04]} {[%emt 00:01:28]} fxg4 {[%clk 00:42:50]} {[%emt 00:01:26]}
51. fxg4 {[%clk 00:07:33]} {[%emt 00:00:02]} Qxe5 {[%clk 00:40:38]} {[%emt
00:02:41]} 52. fxe5 {[%clk 00:08:02]} {[%emt 00:00:01]} b4 {[%clk 00:40:57]}
{[%emt 00:00:12]} 53. Kf3 {[%clk 00:06:46]} {[%emt 00:01:46]} a5 {[%clk
00:41:19]} {[%emt 00:00:08]} 54. Ke4 {[%clk 00:06:03]} {[%emt 00:01:12]} Ke7
{[%clk 00:39:16]} {[%emt 00:02:34]} 55. d6+ {[%clk 00:05:27]} {[%emt 00:01:05]}
Ke6 {[%clk 00:39:26]} {[%emt 00:00:20]} 56. Kd4 {[%clk 00:05:04]} {[%emt
00:00:53]} a4 {[%clk 00:37:18]} {[%emt 00:02:38]} 57. Kc5 {[%clk 00:04:34]}
{[%emt 00:01:00]} b3 {[%clk 00:37:38]} {[%emt 00:00:10]} 58. axb3 {[%clk
00:04:50]} {[%emt 00:00:14]} axb3 {[%clk 00:38:00]} {[%emt 00:00:07]} 59. Kc6
{[%clk 00:05:18]} {[%emt 00:00:03]} b2 {[%clk 00:38:17]} {[%emt 00:00:13]} 60.
d7 {[%clk 00:05:44]} {[%emt 00:00:05]} b1=Q {[%clk 00:38:33]} {[%emt 00:00:14]}
61. d8=Q {[%clk 00:06:07]} {[%emt 00:00:07]} Qc2+ {[%clk 00:38:33]} {[%emt
00:00:27]} 62. Kb5 {[%clk 00:05:03]} {[%emt 00:01:34]} Qb3+ {[%clk 00:38:39]}
{[%emt 00:00:24]} 63. Kc5 {[%clk 00:04:48]} {[%emt 00:00:43]} Qc3+ {[%clk
00:37:50]} {[%emt 00:01:21]} 64. Kb6 {[%clk 00:04:59]} {[%emt 00:00:19]} Qe3+
{[%clk 00:36:57]} {[%emt 00:01:23]} 65. Kc6 {[%clk 00:04:56]} {[%emt 00:00:34]}
Qe4+ {[%clk 00:35:32]} {[%emt 00:01:54]} 66. Kb6 {[%clk 00:04:58]} {[%emt
00:00:30]} Kxe5 {[%clk 00:32:47]} {[%emt 00:03:15]} 67. Qc7+ {[%clk 00:04:05]}
{[%emt 00:01:23]} Kf6 {[%clk 00:31:48]} {[%emt 00:01:27]} 68. Qd8 {[%clk
00:02:40]} {[%emt 00:01:57]} Qe7 {[%clk 00:31:56]} {[%emt 00:00:19]} 69. Qd1
{[%clk 00:03:04]} {[%emt 00:00:08]} Qe3+ {[%clk 00:31:54]} {[%emt 00:00:32]}
70. Kc6 {[%clk 00:02:58]} {[%emt 00:00:36]} Kg5 {[%clk 00:32:00]} {[%emt
00:00:25]} 71. Kd5 {[%clk 00:01:51]} {[%emt 00:01:37]} Qf4 {[%clk 00:31:37]}
{[%emt 00:00:48]} 72. Qc2 {[%clk 00:02:04]} {[%emt 00:00:18]} Qxg4 {[%clk
00:31:26]} {[%emt 00:00:44]} 73. Qc1 {[%clk 00:02:25]} {[%emt 00:00:08]} Qf4
{[%clk 00:31:16]} {[%emt 00:00:40]} 74. Qg1 {[%clk 00:02:49]} {[%emt 00:00:09]}
Kf6 {[%clk 00:31:05]} {[%emt 00:00:38]} 75. Qa1+ {[%clk 00:03:12]} {[%emt
00:00:08]} Ke7 {[%clk 00:29:53]} {[%emt 00:01:29]} 76. Qa7+ {[%clk 00:03:25]}
{[%emt 00:00:31]} Kf8 {[%clk 00:29:44]} {[%emt 00:00:35]} 77. Ke6 {[%clk
00:02:06]} {[%emt 00:01:52]} Qe4+ {[%clk 00:29:38]} {[%emt 00:00:31]} 78. Kd6
{[%clk 00:02:35]} {[%emt 00:00:08]} Qf4+ {[%clk 00:29:46]} {[%emt 00:00:18]}
79. Ke6 {[%clk 00:03:03]} {[%emt 00:00:04]} Qf5+ {[%clk 00:30:01]} {[%emt
00:00:14]} 80. Kd6 {[%clk 00:03:27]} {[%emt 00:00:08]} Qf6+ {[%clk 00:29:54]}
{[%emt 00:00:36]} 0-1

[Event "DVM U16w 2023"]
[Site "Magdeburg GER"]
[Date "2023.12.28"]
[Round "4"]
[White "Hergenröder, Cora"]
[Black "Fock, Madiha"]
[Result "1-0"]
[Termination "normal"]
[Board "3.2"]
[WhiteElo "1500"]
[BlackElo "1697"]
[WhiteClock "00:33:15"]
[BlackClock "00:33:24"]
[WhiteTeam "ATSV Oberkotzau"]
[BlackTeam "TSG Oberschöneweide"]
[PlyCount "113"]
[WhiteFideId "34603700"]
[BlackFideId "16253574"]
[EventCountry "GER"]
[EventRounds "7"]
[EventType "team-swiss"]
[EventDate "2023.12.26"]

1. d4 {[%clk 01:30:59]} Nf6 {[%clk 01:30:52]} {[%emt 00:00:09]} 2. c4 {[%clk
01:31:23]} {[%emt 00:00:06]} g6 {[%clk 01:31:17]} {[%emt 00:00:05]} 3. Nc3
{[%clk 01:31:45]} {[%emt 00:00:06]} d5 {[%clk 01:31:30]} {[%emt 00:00:18]} 4.
Bf4 {[%clk 01:30:00]} {[%emt 00:02:16]} Bg7 {[%clk 01:29:05]} {[%emt 00:02:54]}
5. e3 {[%clk 01:28:33]} {[%emt 00:01:57]} O-O {[%clk 01:27:38]} {[%emt
00:01:57]} 6. cxd5 {[%clk 01:25:22]} {[%emt 00:03:41]} Nxd5 {[%clk 01:27:58]}
{[%emt 00:00:10]} 7. Nxd5 {[%clk 01:25:21]} {[%emt 00:00:31]} Qxd5 {[%clk
01:28:15]} {[%emt 00:00:13]} 8. Bxc7 {[%clk 01:23:52]} {[%emt 00:01:58]} Bf5
{[%clk 01:25:17]} {[%emt 00:03:29]} 9. Nf3 {[%clk 01:20:08]} {[%emt 00:04:14]}
Nc6 {[%clk 01:20:50]} {[%emt 00:04:57]} 10. b3 {[%clk 01:15:51]} {[%emt
00:04:48]} Nb4 {[%clk 01:12:23]} {[%emt 00:08:56]} 11. Rc1 {[%clk 01:08:12]}
{[%emt 00:08:09]} b6 {[%clk 01:03:30]} {[%emt 00:09:22]} 12. Bc4 {[%clk
00:59:38]} {[%emt 00:09:04]} Qb7 {[%clk 01:02:34]} {[%emt 00:01:26]} 13. Bg3
{[%clk 00:57:05]} {[%emt 00:03:04]} Nxa2 {[%clk 00:57:02]} {[%emt 00:06:01]}
14. Ra1 {[%clk 00:57:05]} {[%emt 00:00:31]} Nb4 {[%clk 00:53:28]} {[%emt
00:04:04]} 15. O-O {[%clk 00:56:46]} {[%emt 00:00:48]} b5 {[%clk 00:52:25]}
{[%emt 00:01:33]} 16. Be2 {[%clk 00:55:39]} {[%emt 00:01:37]} Bc2 {[%clk
00:51:19]} {[%emt 00:01:36]} 17. Qd2 {[%clk 00:54:22]} {[%emt 00:01:47]} a5
{[%clk 00:51:12]} {[%emt 00:00:38]} 18. Ne1 {[%clk 00:48:30]} {[%emt 00:06:21]}
Bxb3 {[%clk 00:47:44]} {[%emt 00:04:00]} 19. Rxa5 {[%clk 00:42:09]} {[%emt
00:06:50]} Rxa5 {[%clk 00:47:34]} {[%emt 00:00:40]} 20. Qxb4 {[%clk 00:42:24]}
{[%emt 00:00:14]} Ra2 {[%clk 00:47:56]} {[%emt 00:00:09]} 21. Qxb3 {[%clk
00:38:27]} {[%emt 00:04:27]} Rxe2 {[%clk 00:48:08]} {[%emt 00:00:18]} 22. Nd3
{[%clk 00:37:34]} {[%emt 00:01:23]} Rc8 {[%clk 00:44:29]} {[%emt 00:04:08]} 23.
h3 {[%clk 00:31:15]} {[%emt 00:06:49]} e6 {[%clk 00:39:24]} {[%emt 00:05:35]}
24. Ra1 {[%clk 00:30:11]} {[%emt 00:01:34]} Rec2 {[%clk 00:37:19]} {[%emt
00:02:35]} 25. Be5 {[%clk 00:26:16]} {[%emt 00:04:25]} R2c3 {[%clk 00:33:00]}
{[%emt 00:04:49]} 26. Qd1 {[%clk 00:26:06]} {[%emt 00:00:41]} Bxe5 {[%clk
00:32:36]} {[%emt 00:00:54]} 27. Nxe5 {[%clk 00:26:19]} {[%emt 00:00:16]} b4
{[%clk 00:32:36]} {[%emt 00:00:30]} 28. Nd3 {[%clk 00:24:21]} {[%emt 00:02:28]}
b3 {[%clk 00:30:30]} {[%emt 00:02:36]} 29. Nc5 {[%clk 00:23:46]} {[%emt
00:01:06]} Qb4 {[%clk 00:28:49]} {[%emt 00:02:11]} 30. Rb1 {[%clk 00:21:16]}
{[%emt 00:03:00]} b2 {[%clk 00:27:54]} {[%emt 00:01:25]} 31. Kh2 {[%clk
00:21:19]} {[%emt 00:00:26]} Qa3 {[%clk 00:25:11]} {[%emt 00:03:14]} 32. Qa4
{[%clk 00:15:19]} {[%emt 00:06:30]} Rb8 {[%clk 00:24:46]} {[%emt 00:00:54]} 33.
Qd7 {[%clk 00:14:34]} {[%emt 00:01:15]} Qa2 {[%clk 00:21:48]} {[%emt 00:03:29]}
34. Qd6 {[%clk 00:13:46]} {[%emt 00:01:18]} Qa7 {[%clk 00:16:56]} {[%emt
00:05:22]} 35. Nd7 {[%clk 00:12:47]} {[%emt 00:01:29]} Rcb3 {[%clk 00:11:14]}
{[%emt 00:06:11]} 36. Nxb8 {[%clk 00:10:38]} {[%emt 00:02:39]} Qxb8 {[%clk
00:11:40]} {[%emt 00:00:04]} 37. Qxb8+ {[%clk 00:10:52]} {[%emt 00:00:16]} Rxb8
{[%clk 00:12:06]} 38. Kg3 {[%clk 00:10:47]} {[%emt 00:00:40]} g5 {[%clk
00:10:01]} {[%emt 00:02:34]} 39. Kf3 {[%clk 00:11:01]} {[%emt 00:00:17]} Kg7
{[%clk 00:08:54]} {[%emt 00:01:37]} 40. Ke2 {[%clk 00:10:59]} {[%emt 00:00:32]}
Kf6 {[%clk 00:09:19]} {[%emt 00:00:05]} 41. Kd2 {[%clk 00:11:22]} {[%emt
00:00:07]} Kf5 {[%clk 00:09:32]} {[%emt 00:00:17]} 42. Kc2 {[%clk 00:11:20]}
{[%emt 00:00:31]} Ke4 {[%clk 00:08:58]} {[%emt 00:01:04]} 43. Rxb2 {[%clk
00:10:10]} {[%emt 00:01:41]} Rxb2+ {[%clk 00:08:17]} {[%emt 00:01:11]} 44. Kxb2
{[%clk 00:10:34]} {[%emt 00:00:06]} Kd3 {[%clk 00:05:49]} {[%emt 00:02:58]} 45.
g4 {[%clk 00:07:55]} {[%emt 00:03:09]} Ke2 {[%clk 00:02:26]} {[%emt 00:03:52]}
46. e4 {[%clk 00:05:56]} {[%emt 00:02:29]} Kxf2 {[%clk 00:30:29]} {[%emt
00:02:27]} 47. d5 {[%clk 00:36:19]} {[%emt 00:00:08]} Kg3 {[%clk 00:30:50]}
{[%emt 00:00:09]} 48. d6 {[%clk 00:36:38]} {[%emt 00:00:12]} Kxh3 {[%clk
00:31:16]} {[%emt 00:00:03]} 49. d7 {[%clk 00:37:00]} {[%emt 00:00:08]} Kxg4
{[%clk 00:31:41]} {[%emt 00:00:04]} 50. d8=Q {[%clk 00:37:16]} {[%emt
00:00:15]} h5 {[%clk 00:32:07]} {[%emt 00:00:04]} 51. Qf6 {[%clk 00:35:56]}
{[%emt 00:01:49]} h4 {[%clk 00:32:24]} {[%emt 00:00:13]} 52. Qxf7 {[%clk
00:35:23]} {[%emt 00:01:04]} Kh3 {[%clk 00:31:51]} {[%emt 00:01:03]} 53. Qxe6+
{[%clk 00:34:03]} {[%emt 00:01:50]} g4 {[%clk 00:32:16]} {[%emt 00:00:05]} 54.
Qf5 {[%clk 00:33:06]} {[%emt 00:01:26]} Kg3 {[%clk 00:32:37]} {[%emt 00:00:10]}
55. e5 {[%clk 00:33:14]} {[%emt 00:00:22]} h3 {[%clk 00:32:57]} {[%emt
00:00:09]} 56. e6 {[%clk 00:33:16]} {[%emt 00:00:29]} h2 {[%clk 00:33:24]}
{[%emt 00:00:03]} 57. Qf1 {[%clk 00:33:15]} {[%emt 00:00:30]} 1-0